LEADER 02235nam 2200397 n 450 001 996386719203316 005 20221108053823.0 035 $a(CKB)1000000000622028 035 $a(EEBO)2248522660 035 $a(UnM)99858929 035 $a(EXLCZ)991000000000622028 100 $a19850711d1651 uy | 101 0 $aeng 135 $aurbn||||a|bb| 200 14$aThe history of generation$b[electronic resource] $eExamining the several opinions of divers authors, especially that of Sir Kenelm Digby, in his Discourse of bodies. With a general relation of the manner of generation, as well in plants as animals: with some figures delineating the first originals of some creatures, evidently demonstrating the rest. To which is joyned a discourse of the cure of wounds by sympathy, or without any real applycation of medicines to the part affected, but especially by that powder, known chiefly by the name of Sir Gilbert Talbots powder. By Nath. Highmore lately of Trinity Colledge in Oxford, Doctor of Physick 210 $aLondon $cPrinted by R.N. for John Martin, and are to be sold at the Bell in S. Pauls Church-yard$d1651 215 $a[14], 141, [1] p., 2 folded plates 300 $aIncludes a translation of Sir Kenelm Digby's Discours fait en une célèbre assemblée, touchant la guérison des playes par la poudre de sympathie. 300 $a"A discourse of the cure of wounds by sympathy" has separate, undated, title page; register and pagination are continuous. 300 $aAnnotation on Thomason copy: "Octob. 28.". 300 $aReproductions of the originals in the Library of Congress (Early English books) and in the British Library (Thomason Tracts). 330 $aeebo-0158 606 $aReproduction$vEarly works to 1800 606 $aWounds and injuries$xTreatment$vEarly works to 1800 615 0$aReproduction 615 0$aWounds and injuries$xTreatment 700 $aHighmore$b Nathaniel$f1613-1685.$01006680 701 $aDigby$b Kenelm$cSir,$f1603-1665.$0615042 801 0$bCu-RivES 801 1$bCu-RivES 801 2$bCStRLIN 801 2$bWaOLN 906 $aBOOK 912 $a996386719203316 996 $aThe history of generation$92338703 997 $aUNISA LEADER 05677nam 2200625Ia 450 001 9910311933803321 005 20200520144314.0 010 $a9781780401041 010 $a1780401043 035 $a(CKB)3280000000003676 035 $a(EBL)3119913 035 $a(SSID)ssj0001157961 035 $a(PQKBManifestationID)11693163 035 $a(PQKBTitleCode)TC0001157961 035 $a(PQKBWorkID)11211914 035 $a(PQKB)10219498 035 $a(MiAaPQ)EBC3119913 035 $a(ScCtBLL)4eb69842-4d2b-422a-b2b9-a7a9ea6f9ef5 035 $a(OCoLC)843213084 035 $a(Perlego)572027 035 $a(oapen)doab37037 035 $a(EXLCZ)993280000000003676 100 $a20120507d2012 uy 0 101 0 $aeng 135 $aur|n|---||||| 181 $ctxt 182 $cc 183 $acr 200 00$aEvolution of water supply throughout the millennia /$fAndreas N. Angelakis ... [et al.] 210 $aLondon ;$aNew York $cIWA$d2012 215 $a1 online resource (584 p.) 300 $aDescription based upon print version of record. 311 08$a9781843395409 311 08$a1843395401 320 $aIncludes bibliographical references. 327 $tCover --$tCopyright --$tContents --$tList of authors --$tList of reviewers --$tProlegomena:$tThe evolution of water supply throughout the millennia --$gChapter 1:$tAncient gods and goddesses of water /$rL. W. Mays and A. N. Angelakis --$gChapter 2:$tWater for human consumption through history /$rL. W. Mays, M. Sklivaniotis and A. N. Angelakis --$gChapter 3:$tHistory of water and health /$rJoanna M. Pope, Mark H. Weir and Joan B. Rosec --$gChapter 4:$tDiachronic evolution of water supply in the Eastern Mediterranean /$rK. Voudouris --$gChapter 5:$tWater and water supply technologies in ancient Iran /$rSeyed Ali Mahmoudian and Seyed Navid Mahmoudian --$gChapter 6:$tA historical perspective on the development of water supply in Egypt /$rF.A. El-Gohary --$gChapter 7:$tThe impact of climate changes on the evolution of water supply works in the region of Jerusalem /$rA. S. Issar and M. Zohar --$gChapter 8:$tHistory of water supply in pre-modern China /$rP. Du and A. Koenig --$gChapter 9:$tEvolution of water supply technologies through the centuries in Crete, Greece /$rA. N. Angelakis, E. G. Dialynas and V. Despotakis --$gChapter 10:$tA brief history of urban water management in ancient Greece /$rN. Zarkadoulas, D. Koutsoyiannis, N. Mamassis and A. N. Angelakis --$gChapter 11:$tSustainable water supply in pre-Columbian civilizations in Ancient Peru and South America /$rA. Reyes-Knoche --$gChapter 12:$tHistorical development of water supply in Cyprus /$rC. A. Kambanellas --$gChapter 13:$tWater supply in the Middle East during Roman and Byzantine periods /$rBenot Haut and Didier Viviers --$gChapter 14:$tWater supply management technologies in the Ancient Greek and Roman civilizations /$rG. De Feo, P. Laureano, L. W. Mays and A. N. Angelakis --$gChapter 15:$tWater supply sustainability of ancient civilizations in Mesoamerica and the American south-west /$rLarry W. Mays --$gChapter 16:$tWater supply of Athens in the antiquity /$rE. D. Chiotis and L. E. Chioti --$gChapter 17:$tHistory of the water supply of Rome as a paradigm of water services development in Italy /$rP. Martini and R. Drusiani --$gChapter 18:$tThe historical development of water supply to Iraklion, Crete, Greece from antiquity to the present /$rA. I. Strataridaki, E. G. Chalkiadakis and N. M. Gigourtakis --$gChapter 19:$tThe historical development of water supply technologies in Barcelona, Spain /$rM. Salgot and A. N. Angelakis --$gChapter 20:$tWater services in Mexico City:$tThe need to return to the IWRM principles of Tenochtitln (700 years of water history) /$rB. Jimnez and D. Birrichaga --$gChapter 21:$tThe evolution of water supply throughout the millennia:$tA short overview /$rDemetris Koutsoyiannis, Nikos Zarkadoulas, Nikos Manassis, Andreas N. Angelakis and Larry W. Mays. 330 $aEvolution of Water Supply Through the Millennia presents the major achievements in the scientific fields of water supply technologies and management throughout the millennia. It provides valuable insights into ancient water supply technologies with their apparent characteristics of durability, adaptability to the environment, and sustainability. A comparison of the water technological developments in several civilizations is undertaken. These technologies are the underpinning of modern achievements in water engineering and management practices. Naturally, intensification of unresolved problems led societies to revisit the past and to reinvestigate the successful past achievements. To their surprise, those who attempted this retrospect, based on archaeological, historical, and technical evidence were impressed by two things: the similarity of principles with present ones and the advanced level of water engineering and management practices. 517 1 $aEvolution of water supply through the millennia 606 $aWater-supply$xHistory 606 $aWater-supply engineering$xHistory 606 $aWater use$xHistory 606 $aWater resources development$xHistory 615 0$aWater-supply$xHistory. 615 0$aWater-supply engineering$xHistory. 615 0$aWater use$xHistory. 615 0$aWater resources development$xHistory. 676 $a628.109 701 $aAngelakis$b Andreas N$0871442 801 0$bMiAaPQ 801 1$bMiAaPQ 801 2$bMiAaPQ 906 $aBOOK 912 $a9910311933803321 996 $aEvolution of water supply throughout the millennia$94196877 997 $aUNINA